00589nam a2200181Ia 4500952012900000999001300129003000400142005001700146008004100163040000900204082002100213100002600234245004300260260003600303300000900339650001100348942004800359 00102ddc40708GRAaMESbMEScARBd2019-02-20g30.00l0o492.70141 ANE/Bp8600r2019-02-20 00:00:00w2019-02-20yBKzGR4R4 c225d225OSt20210909115712.0190216s9999||||xx |||||||||||||| ||und|| coclc a492.70141bANE/B aAneen, Musthafa98819 0aAl Bhulagatul Wadiah /cMusthafa Aneen bDarul Quran Ul Kareem,aBeirut: a300p aArabic cBK2ddch492.70141iANE/Bk492.70141mANE/B